Statistics for United States Islands larger than 1,000 km2 on a Map

Click here to take the quiz!

General Stats

  • This quiz has been taken 24 times
  • The average score is 8 of 22

Answer Stats

Area Island State % Correct
1,545OʻahuHawaii
94%
10,433HawaiʻiHawaii
89%
3,629LongNew York
83%
8,710Puerto Ricoterritory
78%
1,883MauiHawaii
72%
9,293KodiakAlaska
61%
1,430KauaʻiHawaii
50%
2,722UnalaskaAlaska
44%
5,135Saint LawrenceAlaska
28%
4,119UnimakAlaska
28%
6,675Prince of WalesAlaska
22%
1,793UmnakAlaska
17%
1,809AfognakAlaska
17%
4,065BaranofAlaska
17%
5,388ChichagofAlaska
17%
4,362AdmiraltyAlaska
17%
2,813KupreanofAlaska
11%
4,209NunivakAlaska
11%
1,061AtkaAlaska
6%
2,965RevillagigedoAlaska
6%
2,183NelsonAlaska
6%
1,962KuiuAlaska
6%

Score Distribution

Percentile by Number Answered

Percent of People with Each Score

Your Score History

You have not taken this quiz